Officium hebdomadae sanctae (Record no. 8215)

MARC details
000 -CABECERA
campo de control de longitud fija 01293nam a2200289 a 4500
001 - NÚMERO DE CONTROL
campo de control BRCA_8552
005 - FECHA Y HORA DE LA ÚLTIMA TRANSACCIÓN
campo de control 20190321142932.0
008 - DATOS DE LONGITUD FIJA--INFORMACIÓN GENERAL
campo de control de longitud fija 150816s1616----sp-#######---#000-0#lat-#
041 ## - CÓDIGO DE LENGUA
Código de lengua del texto/banda sonora o título independiente lat
044 ## - CÓDIGO DEL PAÍS DE LA ENTIDAD EDITORA/PRODUCTORA
Código MARC del país sp
050 #4 - SIGNATURA TOPOGRÁFICA DE LA BIBLIOTECA DEL CONGRESO
-- M1999
Número de documento/Ítem .O44
-- 1616
245 10 - MENCIÓN DE TÍTULO
Título Officium hebdomadae sanctae
Resto del título cum psalmis, et lectionibus secundum missale, & breuiarium romanum, Pij V. pontif. max. iussu editum, & Clementis VIII. auctoritate recognitum, cum canto Toletano.
260 ## - PUBLICACIÓN, DISTRIBUCIÓN, ETC.
Lugar de publicación, distribución, etc. Matriti
Nombre del editor, distribuidor, etc. Ex typographia regia
Fecha de publicación, distribución, etc. 1616
300 ## - DESCRIPCIÓN FÍSICA
Extensión 226, cxlvii p.
Dimensiones 35 cm
500 ## - NOTA GENERAL
Nota general Fondo antiguo
500 ## - NOTA GENERAL
Nota general Se encuentra en Caja Fuerte
500 ## - NOTA GENERAL
Nota general B-35
500 ## - NOTA GENERAL
Nota general con dedicatoria: a Don Martín de Cordova del Consejo de su Magestad... Tomás Iunti Impressor del Rey
500 ## - NOTA GENERAL
Nota general Contiene partituras
500 ## - NOTA GENERAL
Nota general Con grabado en portada impresa a dos tintas negro y rojo
500 ## - NOTA GENERAL
Nota general Uso de letras capitulares
500 ## - NOTA GENERAL
Nota general Estado físico: Documento deteriodado, portada desprendida e incompleta, carece de encuadernación, páginas desprendidas, presenta daño por polilla páginas II-28
506 0# - NOTA DE RESTRICCIONES AL ACCESO
Limitaciones de acceso Fondo reservado: para su consulta es necesario credencial de usuario y carta de motivos
650 14 - PUNTO DE ACCESO ADICIONAL DE MATERIA--TÉRMINO DE MATERIA
Término de materia o nombre geográfico como elemento de entrada Música vocal sacra
Subdivisión de forma Trabajos anteriores a 1800
9 (RLIN) 21431
902 ## - CATALOGADOR
Iniciales LAR
942 ## - ELEMENTOS DE PUNTO DE ACCESO ADICIONAL (KOHA)
Fuente del sistema de clasificación o colocación Library of Congress Classification
Tipo de ítem Koha Libros
Holdings
Estado de retiro Estado de pérdida Estado dañado No para préstamo Localización permanente Ubicación/localización actual Fecha de adquisición Número de inventario Total de préstamos Signatura topográfica completa Código de barras Fecha visto por última vez Precio válido a partir de Tipo de ítem Koha
El ejemplar forma parte de la colección y puede ser consultado según las políticas vigentes.       Biblioteca del Museo Franz Mayer (Rogerio Casas-Alatriste) Biblioteca del Museo Franz Mayer (Rogerio Casas-Alatriste) 15/08/2016 B-35   .O44 1616 M1999 (B-35) LAR00055 22/03/2019 22/03/2019 Libros